| 000 | 01735 a2200301 4500 | ||
|---|---|---|---|
| 003 | OSt | ||
| 005 | 20180116192347.0 | ||
| 008 | 120531t xxu||||| |||| 00| 0 eng d | ||
| 010 | _a 2004094666 | ||
| 020 | _a1412903610 (hbk.) | ||
| 020 | _a1412903629 (pbk.) | ||
| 035 | _a(OCoLC)ocm56655660 | ||
| 040 | _c0 | ||
| 082 | 0 | 4 | _a304.201 |
| 100 | 1 |
_aMassey, Doreen B. _92907 |
|
| 245 | 1 | 0 |
_aFor space / _cDoreen Massey. |
| 260 |
_aLondon : _aThousand Oaks, Calif. : _bSAGE, _c2005. |
||
| 300 |
_aviii, 222 p. : _bill., maps ; _c25 cm. |
||
| 505 | _a --PART ONE: SETTING THE SCENE Opening Propositions -- PART TWO: UNPROMISING ASSOCIATIONS Space//Representation -- The Prison-House of Synchrony The Horizontalities of Deconstruction The Life in Space PART THREE: LIVING IN SPATIAL TIMES? -- Spatialising the History of Modernity Instantaneity//Depthlessness Aspatial Globalisation (Contrary to Popular Opinion) Space can not be Annihilated by Time Elements for Alternatives PART FOUR: REORIENTATIONS -- Slices through Space The Elusiveness of Place PART FIVE: A RELATIONAL POLITICS OF THE SPATIAL -- Throwntogetherness: The Politics of the Event of Place There are No Rules of Space and Place Making and Contesting Time-Spaces -- | ||
| 650 | 1 | 0 |
_aGeographical perception. _92908 |
| 650 | 1 | 0 |
_aPolitical geography. _92909 |
| 650 | 1 | 0 |
_aGlobalization. _92910 |
| 650 | 1 | 0 |
_aRegionalism _xPhilosophy. _92911 |
| 856 | 4 | 2 |
_3Publisher description _uhttp://www.loc.gov/catdir/enhancements/fy0657/2004094666-d.html |
| 856 | 4 | 2 |
_3Table of contents only _uhttp://www.loc.gov/catdir/enhancements/fy0657/2004094666-t.html |
| 942 |
_aSADA _cBK _k304.201 MAS 2005 _2ddc |
||
| 999 |
_c352806 _d352806 |
||